Alle Bundesstraßen Österreichs auf einer Karte - Statistiken

Allgemein
  • Dieses Quiz wurde 73 mal gespielt
  • Das Durchschnittsergebnis liegt bei 34 aus 221
Antworten auf der Karte
Die Antworten werden auf der Karte rot bzw. grün angezeigt, abhängig davon wie oft sie richtig erraten wurden.
 
Antwortstatistiken
# Länge Name % Korrekt
B1 326 km Wiener Straße
74%
B320 78 km Ennstal Straße
54%
B67 64 km Grazer Straße
54%
B197 21 km Arlbergstraße
51%
B3 195 km Donau Straße
51%
B150 13 km Salzburger Straße
51%
B96 70 km Murtal Straße
49%
B115 124 km Eisen Straße
46%
B145 98 km Salzkammergutstraße
46%
B86 7 km Villacher Straße
46%
B100 136 km Drautal Straße
43%
B182 37 km Brennerstraße
40%
B4 74 km Horner Straße
40%
B174 5 km Innsbrucker Straße
40%
B37 36 km Kremser Straße
40%
B147 37 km Braunauer Straße
37%
B137 61 km Innviertler Straße
37%
B51 37 km Neusiedler Straße
37%
B127 51 km Rohrbacher Straße
37%
B2 99 km Waldviertler Straße
37%
B303 21 km Weinviertler Straße
37%
B83 63 km Kärntner Straße
34%
B186 49 km Ötztalstraße
34%
B50 167 km Burgenland Straße
31%
B143 48 km Hausruck Straße
31%
B139 32 km Kremstal Straße
31%
B20 134 km Mariazeller Straße
31%
B310 15 km Mühlviertler Straße
31%
B17 75 km Wiener Neustädter Straße
31%
B169 54 km Zillertalstraße
31%
B36 104 km Zwettler Straße
31%
B151 40 km Attersee Straße
29%
B7 66 km Brünner Straße
29%
B12 14 km Brunner Straße
29%
B129 72 km Eferdinger Straße
29%
B111 108 km Gailtal Straße
29%
B93 43 km Gurktal Straße
29%
B40 76 km Mistelbacher Straße
29%
B11 50 km Mödlinger Straße
29%
B203 17 km Rheinstraße
29%
B200 62 km Bregenzerwaldstraße
26%
B41 37 km Gmünder Straße
26%
B107 39 km Großglockner Straße
26%
B116 33 km Leobener Straße
26%
B106 51 km Mölltal Straße
26%
B70 158 km Packer Straße
26%
B125 49 km Prager Straße
26%
B141 47 km Rieder Straße
26%
B159 47 km Salzachtal Straße
26%
B171 166 km Tiroler Straße
26%
B72 88 km Weizer Straße
26%
B158 51 km Wolfgangsee Straße
26%
B181 34 km Achenseestraße
23%
B210 32 km Badener Straße
23%
B25 85 km Erlauftal Straße
23%
B108 27 km Felbertauern Straße
23%
B179 74 km Fernpassstraße
23%
B319 13 km Fürstenfelder Straße
23%
B220 18 km Gänserndorfer Straße
23%
B167 27 km Gasteiner Straße
23%
B198 77 km Lechtalstraße
23%
B60 51 km Leitha Straße
23%
B98 43 km Millstätter Straße
23%
B97 21 km Murauer Straße
23%
B94 53 km Ossiacher Straße
23%
B30 113 km Thayatal Straße
23%
B5 42 km Waidhofener Straße
23%
B31 44 km Ybbstal Straße
23%
B59 5 km Eisenstädter Straße
20%
B68 23 km Feldbacher Straße
20%
B144 24 km Gmundener Straße
20%
B154 32 km Mondsee Straße
20%
B177 21 km Seefelder Straße
20%
B309 17 km Steyrer Straße
20%
B190 64 km Vorarlberger Straße
20%
B317 70 km Friesacher Straße
17%
B65 60 km Gleisdorfer Straße
17%
B57 74 km Güssinger Straße
17%
B34 46 km Kamptal Straße
17%
B14 49 km Klosterneuburger Straße
17%
B6 46 km Laaer Straße
17%
B178 64 km Loferer Straße
17%
B204 7 km Lustenauer Straße
17%
B35 60 km Retzer Straße
17%
B19 47 km Tullner Straße
17%
B81 34 km Bleiburger Straße
14%
B38 175 km Böhmerwald Straße
14%
B165 61 km Gerlos Straße
14%
B80 22 km Lavamünder Straße
14%
B311 94 km Pinzgauer Straße
14%
B9 47 km Pressburger Straße
14%
B180 46 km Reschenstraße
14%
B52 20 km Ruster Straße
14%
B136 31 km Sauwald Straße
14%
B113 71 km Schoberpass Straße
14%
B140 25 km Steyrtal Straße
14%
B114 45 km Triebener Straße
14%
B221 13 km Wiener Gürtel Straße
14%
B8 39 km Angerner Straße
11%
B131 15 km Aschacher Straße
11%
B10 61 km Budapester Straße
11%
B187 12 km Ehrwalder Straße
11%
B84 13 km Faakersee Straße
11%
B146 43 km Gesäuse Straße
11%
B32 25 km Gföhler Straße
11%
B119 82 km Greiner Straße
11%
B123 20 km Mauthausener Straße
11%
B168 22 km Mittersiller Straße
11%
B166 48 km Pass Gschütt Straße
11%
B138 92 km Pyhrnpass Straße
11%
B85 70 km Rosental Straße
11%
B183 13 km Stubaitalstraße
11%
B69 108 km Südsteirische Grenz Straße
11%
B199 22 km Tannheimer Straße
11%
B54 110 km Wechsel Straße
11%
B153 14 km Weißenbacher Straße
11%
B148 37 km Altheimer Straße
9%
B170 30 km Brixentalstraße
9%
B117 25 km Buchauer Straße
9%
B227 8 km Donaukanal Straße
9%
B135 32 km Gallspacher Straße
9%
B42 14 km Haager Straße
9%
B18 56 km Hainfelder Straße
9%
B164 75 km Hochkönig Straße
9%
B99 114 km Katschberg Straße
9%
B126 34 km Leonfeldener Straße
9%
B191 3 km Liechtensteiner Straße
9%
B91 25 km Loiblpass Straße
9%
B105 8 km Mallnitzer Straße
9%
B29 41 km Manker Straße
9%
B132 6 km Mühllackener Straße
9%
B130 52 km Nibelungen Straße
9%
B78 41 km Obdacher Straße
9%
B16 51 km Ödenburger Straße
9%
B161 36 km Pass Thurn Straße
9%
B188 64 km Silvrettastraße
9%
B228 8 km Simmeringer Straße
9%
B149 7 km Subener Straße
9%
B95 99 km Turracher Straße
9%
B87 27 km Weißensee Straße
9%
B33 35 km Aggsteiner Straße
6%
B160 3 km Berchtesgadener Straße
6%
B62 20 km Deutschkreutzer Straße
6%
B48 22 km Erdöl Straße
6%
B223 5 km Flötzersteig Straße
6%
B92 63 km Görtschitztal Straße
6%
B21 102 km Gutensteiner Straße
6%
B88 14 km Kleinkirchheimer Straße
6%
B201 13 km Kleinwalsertalstraße
6%
B124 66 km Königswiesener Straße
6%
B176 21 km Kössener Straße
6%
B23 41 km Lahnsattel Straße
6%
B156 55 km Lamprechtshausener Straße
6%
B230 7 km Laxenburger Straße
6%
B15 38 km Mannersdorfer Straße
6%
B142 12 km Mauerkirchener Straße
6%
B189 35 km Mieminger Straße
6%
B155 4 km Münchener Straße
6%
B90 13 km Nassfeld Straße
6%
B44 23 km Neulengbacher Straße
6%
B39 44 km Pielachtal Straße
6%
B110 23 km Plöckenpass Straße
6%
B219 11 km Poysdorfer Straße
6%
B26 46 km Puchberger Straße
6%
B82 65 km Seeberg Straße
6%
B152 24 km Seeleiten Straße
6%
B133 11 km Theninger Straße
6%
B122 65 km Voralpen Straße
6%
B134 15 km Wallerner Straße
6%
B121 42 km Weyerer Straße
6%
B305 2 km Wiener Nordostrand Straße
6%
B224 6 km Altmannsdorfer Straße
3%
B212 22 km Bad Vöslauer Straße
3%
B49 74 km Bernstein Straße
3%
B58 12 km Doiber Straße
3%
B193 39 km Faschina Straße
3%
B226 4 km Floridsdorfer Straße
3%
B77 50 km Gaberl Straße
3%
B56 65 km Geschriebenstein Straße
3%
B75 34 km Glattjoch Straße
3%
B66 43 km Gleichenberger Straße
3%
B22 29 km Grestner Straße
3%
B229 7 km Groß Jedlersdorfer Straße
3%
B61 13 km Günser Straße
3%
B24 50 km Hochschwab Straße
3%
B27 39 km Höllental Straße
3%
B73 44 km Kirchbacher Straße
3%
B55 47 km Kirchschlager Straße
3%
B162 19 km Lammertal Straße
3%
B218 7 km Langenloiser Straße
3%
B47 21 km Lundenburger Straße
3%
B217 21 km Ottenschlager Straße
3%
B53 18 km Pöttschinger Straße
3%
B28 27 km Puchenstubner Straße
3%
B45 60 km Pulkautal Straße
3%
B76 49 km Radlpass Straße
3%
B64 51 km Rechberg Straße
3%
B211 12 km Rohrauer Straße
3%
B120 32 km Scharnsteiner Straße
3%
B202 11 km Schweizer Straße
3%
B46 33 km Staatzer Straße
3%
B63 44 km Steinamangerer Straße
3%
B74 33 km Sulmtal Straße
3%
B43 20 km Traismaurer Straße
3%
B213 10 km Tullnerfeld Straße
3%
B163 23 km Wagrainer Straße
3%
B172 23 km Walchseestraße
3%
B216 18 km Weitental Straße
3%
B109 8 km Wurzenpass Straße
3%
B71 31 km Zellerrain Straße
3%
B173 10 km Eibergstraße
0%
B184 4 km Engadiner Straße
0%
B192 10 km Gargellener Straße
0%
B205 16 km Hittisauer Straße
0%
B214 14 km Hohenberger Straße
0%
B13 18 km Laaber Straße
0%
B185 7 km Martinsbrucker Straße
0%
B209 2 km Pöchlarner Straße
0%
B215 17 km St. Leonharder Straße
0%
B225 13 km Wienerberg Straße
0%
B175 16 km Wildbichler Straße
0%
Keine übereinstimmenden Quizze gefunden
Verteilung der Resultate
Anzahl Personen mit jedem Resultat
Perzentil nach korrekt beantworteten Fragen
Ihre Resultats-Entwicklung
Sie haben dieses Quiz noch nicht gespielt